[Event "Oberliga Bayern 0607"]
[Site "Bayern"]
[Date "2006.10.29"]
[Round "2.3"]
[White "Pruefer, Stefan"]
[Black "Zahn, Wolfgang"]
[Result "1/2-1/2"]
[WhiteElo "2300"]
[BlackElo "2211"]
[PlyCount "29"]
[EventDate "2006.10.15"]
[EventType "team-tourn"]
[EventRounds "9"]
[EventCountry "GER"]
[SourceTitle "EXT 2008"]
[Source "ChessBase"]
[SourceDate "2007.11.25"]
[SourceVersion "1"]
[SourceVersionDate "2007.11.25"]
[SourceQuality "1"]
[WhiteTeam "Muenchen 36"]
[BlackTeam "Pasing"]
[WhiteTeamCountry "GER"]
[BlackTeamCountry "GER"]

1. e4 c5 2. Nf3 d6 3. Bb5+ Bd7 4. Bxd7+ Qxd7 5. c4 e5 6. 0-0 g6 7. Nc3 Bg7 8. d3 Ne7 9. Be3 0-0 10. Qd2 f5 11. Bg5 Nec6 12. Ne1 f4 13. f3 Bf6 14. Bxf6 Rxf6 15. Nd5 1/2-1/2

[Event "Oberliga Bayern 0506"]
[Site "Bayern"]
[Date "2006.02.19"]
[Round "7.2"]
[White "Pribyl, Josef"]
[Black "Pruefer, Stefan"]
[Result "1/2-1/2"]
[WhiteElo "2391"]
[BlackElo "2289"]
[PlyCount "158"]
[EventDate "2005.10.23"]
[EventType "team-tourn"]
[EventRounds "9"]
[EventCountry "GER"]
[SourceTitle "EXT 2007"]
[Source "ChessBase"]
[SourceDate "2006.11.23"]
[SourceVersion "1"]
[SourceVersionDate "2006.11.23"]
[SourceQuality "1"]
[WhiteTeam "Bamberg SC"]
[BlackTeam "Muenchen 36"]
[WhiteTeamCountry "GER"]
[BlackTeamCountry "GER"]

1. d4 d5 2. Nf3 Nf6 3. g3 Bf5 4. Bg2 e6 5. 0-0 Nbd7 6. c4 c6 7. Nbd2 h6 8. b3 Bd6 9. Bb2 Qe7 10. a3 Ne4 11. Ne5 Nxd2 12. Qxd2 0-0 13. Bc3 Rfd8 14. Qb2 Bxe5 15. dxe5 dxc4 16. bxc4 Nb6 17. Bb4 c5 18. Ba5 Rd4 19. Bxb6 axb6 20. Qxb6 Rxc4 21. Qxb7 Qxb7 22. Bxb7 Ra5 23. Rfd1 Be4 24. Rd7 Bxb7 25. Rxb7 Re4 26. Rd1 Rxe2 27. Rd8+ Kh7 28. Rxf7 Rxe5 29. Rdd7 Rg5 30. h4 Rg6 31. Rd3 Rf6 32. Rc7 Rb5 33. Rdd7 Rg6 34. Kg2 h5 35. Rd2 Ra5 36. Rd3 Rf6 37. Re3 Kh6 38. Rc3 g5 39. hxg5+ Kxg5 40. R7xc5+ Rf5 41. Rc6 Kf6 42. f4 h4 43. Re3 hxg3 44. Rcxe6+ Kf7 45. Re7+ Kf8 46. R7e4 Rf6 47. a4 Rfa6 48. Ra3 Kf7 49. Kxg3 Kf6 50. Kf3 Rh5 51. Rd3 Rh3+ 52. Ke2 Rh2+ 53. Ke3 Ra2 54. Rdd4 Ra3+ 55. Kd2 Ra8 56. Kc2 Rh8 57. Kb2 Rhh3 58. Rb4 Raf3 59. Re2 Rh4 60. a5 Rh7 61. a6 Ra7 62. Rh2 Kf5 63. Rh5+ Kg4 64. Rg5+ Kh4 65. Rg6 Kh5 66. Rc6 Kg4 67. Rb7 Ra8 68. Rf7 Rb8+ 69. Kc2 Ra3 70. a7 Re8 71. Kb2 Ra5 72. Rb6 Re2+ 73. Kc3 Rea2 74. Rg6+ Kf3 75. Rb6 Rxa7 76. Rxa7 Rxa7 77. Rf6 Ke4 78. Rf8 Ra3+ 79. Kc4 Rf3 1/2-1/2

[Event "BL2-Sued 0405"]
[Site "Germany"]
[Date "2005.01.16"]
[Round "5.1"]
[White "Boguslawski, Oleg"]
[Black "Pruefer, Stefan"]
[Result "1/2-1/2"]
[WhiteElo "2377"]
[BlackElo "2250"]
[PlyCount "190"]
[EventDate "2004.10.24"]
[EventType "team-tourn"]
[EventRounds "9"]
[EventCountry "GER"]
[SourceTitle "EXT 2007"]
[Source "ChessBase"]
[SourceDate "2006.11.23"]
[SourceVersion "1"]
[SourceVersionDate "2006.11.23"]
[SourceQuality "1"]
[WhiteTeam "Viernheim"]
[BlackTeam "Pasing"]
[WhiteTeamCountry "GER"]
[BlackTeamCountry "GER"]

1. e4 c5 2. Nf3 d6 3. d4 cxd4 4. Nxd4 Nf6 5. Nc3 a6 6. f4 g6 7. Be2 Bg7 8. 0-0 0-0 9. Bf3 Nc6 10. Nb3 Bd7 11. Be3 Na5 12. Qe2 Rc8 13. e5 Ne8 14. Nxa5 Rxc3 15. bxc3 Qxa5 16. Rfd1 Be6 17. Bd4 b5 18. exd6 Nxd6 19. Bxg7 Kxg7 20. Bd5 Bxd5 21. Rxd5 Qxc3 22. Qe5+ Qxe5 23. fxe5 Nf5 24. a4 Rc8 25. axb5 axb5 26. Ra2 Ne3 27. Rxb5 Nxc2 28. Rb7 Kf8 29. Raa7 Re8 30. Kf2 Nd4 31. Ra4 Ne6 32. Ra3 h5 33. Rba7 Nd4 34. R3a6 Kg7 35. g3 Kf8 36. Ke3 Nf5+ 37. Kf4 Kg7 38. h3 Nd4 39. Ra8 Rxa8 40. Rxa8 e6 41. Ke4 Nf5 42. Ra3 Kf8 43. Rf3 Ne7 44. Rc3 Nf5 45. Rf3 Ne7 46. Kd3 g5 47. Kc4 Ng6 48. Re3 Ke7 49. Kc5 h4 50. Kd4 hxg3 51. Rxg3 f6 52. exf6+ Kxf6 53. Ke4 Nf4 54. Rf3 Kg6 55. h4 Nh5 56. hxg5 Kxg5 57. Ke5 Kg4 58. Rf7 Kg5 59. Kxe6 Kg6 60. Rf1 Ng7+ 61. Ke5 Nh5 62. Rf3 Kg5 63. Rf1 Kg4 64. Rf8 Ng3 65. Rf4+ Kg5 66. Rb4 Nh5 67. Ke4 Nf6+ 68. Kf3 Kf5 69. Rb5+ Ke6 70. Ra5 Kd6 71. Kf4 Nd5+ 72. Kf5 Ne7+ 73. Ke4 Nc6 74. Rd5+ Ke6 75. Rh5 Kd6 76. Rh1 Kc5 77. Rh6 Nb4 78. Rh5+ Kc4 79. Rh1 Kc5 80. Rd1 Nc6 81. Rd7 Kc4 82. Rd5 Nb4 83. Rd1 Kc5 84. Ke5 Nc6+ 85. Ke6 Nd4+ 86. Kd7 Kd5 87. Rh1 Ke5 88. Rh5+ Nf5 89. Rg5 Kf4 90. Rg1 Ke5 91. Ra1 Nd4 92. Ra5+ Ke4 93. Kd6 Nf5+ 94. Kc5 Ke5 95. Ra1 Ke4 1/2-1/2

[Event "BL2-Sued 0405"]
[Site "Germany"]
[Date "2004.12.12"]
[Round "4.1"]
[White "Pruefer, Stefan"]
[Black "Gasthofer, Alexander"]
[Result "1/2-1/2"]
[WhiteElo "2250"]
[BlackElo "2434"]
[PlyCount "25"]
[EventDate "2004.10.24"]
[EventType "team-tourn"]
[EventRounds "9"]
[EventCountry "GER"]
[SourceTitle "EXT 2007"]
[Source "ChessBase"]
[SourceDate "2006.11.23"]
[SourceVersion "1"]
[SourceVersionDate "2006.11.23"]
[SourceQuality "1"]
[WhiteTeam "Pasing"]
[BlackTeam "Bad Mergentheim"]
[WhiteTeamCountry "GER"]
[BlackTeamCountry "GER"]

1. d4 d5 2. c4 e6 3. Nc3 Nf6 4. Nf3 Be7 5. Bf4 0-0 6. e3 Nbd7 7. Rc1 c5 8. cxd5 Nxd5 9. dxc5 Nxf4 10. exf4 Nxc5 11. Be2 b6 12. 0-0 Bb7 13. Ne5 1/2-1/2

[Event "BL2-Sued 0405"]
[Site "Germany"]
[Date "2004.10.24"]
[Round "1.1"]
[White "Pruefer, Stefan"]
[Black "Heinzel, Olaf"]
[Result "1-0"]
[WhiteElo "2250"]
[BlackElo "2402"]
[PlyCount "141"]
[EventDate "2004.10.24"]
[EventType "team-tourn"]
[EventRounds "9"]
[EventCountry "GER"]
[SourceTitle "EXT 2007"]
[Source "ChessBase"]
[SourceDate "2006.11.23"]
[SourceVersion "1"]
[SourceVersionDate "2006.11.23"]
[SourceQuality "1"]
[WhiteTeam "Pasing"]
[BlackTeam "Bayern Muenchen"]
[WhiteTeamCountry "GER"]
[BlackTeamCountry "GER"]

1. d4 Nf6 2. c4 c5 3. d5 b5 4. cxb5 a6 5. b6 d6 6. Nc3 Nbd7 7. Nf3 g6 8. e4 Bg7 9. Bd3 0-0 10. 0-0 Nxb6 11. Re1 Bg4 12. h3 Bxf3 13. Qxf3 c4 14. Bf1 Nfd7 15. Qd1 Qc7 16. Be3 Rfc8 17. Rc1 Ne5 18. b4 cxb3 19. axb3 Qb7 20. b4 Ned7 21. Qb3 Ne5 22. Na4 Nxa4 23. Qxa4 Rcb8 24. Rb1 f5 25. exf5 gxf5 26. Qa5 Nd7 27. Rec1 Rc8 28. Bd3 f4 29. Bxf4 Bd4 30. Bg3 Nb6 31. Bf5 Rc7 32. Qa2 Kh8 33. Be6 Nd7 34. Qd2 Bf6 35. Rxc7 Qxc7 36. Rc1 Qb7 37. Qh6 Nf8 38. Qf4 Nxe6 39. dxe6 Rc8 40. Rxc8+ Qxc8 41. Qe4 Qc1+ 42. Kh2 Qd2 43. Qb7 Kg7 44. Qxa6 Qxb4 45. Qe2 Qc5 46. Qg4+ Kh8 47. Qa4 Kg7 48. Qe8 Qf5 49. Qf7+ Kh6 50. Qf8+ Kg6 51. Qg8+ Kh6 52. Qg4 Qxg4 53. hxg4 d5 54. f4 Bc3 55. Bh4 Bb4 56. Kg1 Bd2 57. f5 Bb4 58. Kf2 Kg7 59. Ke2 Bc5 60. Kd3 Kf8 61. g5 Kg7 62. Be1 h5 63. Bc3+ Kh7 64. Bd4 Ba3 65. Kc2 Bd6 66. Kb3 Bf4 67. g6+ Kg8 68. Kb4 Bg5 69. Kc5 Kf8 70. Kxd5 Kg8 71. f6 1-0

[Event "CFriend AC-2003-Q-00012 email"]
[Site "Chessfriend.com"]
[Date "2003.07.01"]
[Round "?"]
[White "Crawley, Anthony L"]
[Black "Pruefer, Stefan"]
[Result "1-0"]
[WhiteElo "2106"]
[BlackElo "2021"]
[PlyCount "47"]
[EventDate "2003.07.01"]
[EventType "tourn (corr)"]
[EventRounds "10"]
[SourceTitle "Corr 2008"]
[Source "ChessBase"]
[SourceDate "2008.06.24"]
[SourceVersion "1"]
[SourceVersionDate "2008.06.24"]
[SourceQuality "1"]

1. e4 c5 2. Nf3 e6 3. d4 cxd4 4. Nxd4 Nc6 5. Nc3 Qc7 6. Be3 a6 7. Qd2 Nf6 8. 0-0-0 Bb4 9. f3 Ne7 10. Nde2 d5 11. a3 Ba5 12. Bg5 dxe4 13. Bxf6 gxf6 14. Qh6 f5 15. Qf6 Rg8 16. fxe4 b5 17. g3 Bb7 18. Bh3 b4 19. axb4 Bxb4 20. Rhf1 Rc8 21. exf5 Nd5 22. Qd4 e5 23. Qd3 f6 24. Nxd5 1-0

[Event "CFriend AC-2003-Q-00012 email"]
[Site "Chessfriend.com"]
[Date "2003.07.01"]
[Round "?"]
[White "Pruefer, Stefan"]
[Black "Boschek, Hans Joachim"]
[Result "0-1"]
[WhiteElo "2163"]
[BlackElo "2161"]
[PlyCount "38"]
[EventDate "2003.07.01"]
[EventType "tourn (corr)"]
[EventRounds "10"]
[SourceTitle "Corr 2008"]
[Source "ChessBase"]
[SourceDate "2008.06.24"]
[SourceVersion "1"]
[SourceVersionDate "2008.06.24"]
[SourceQuality "1"]

1. e4 d5 2. exd5 Qxd5 3. Nc3 Qa5 4. d4 c6 5. Bc4 Bf5 6. Bd2 Nf6 7. Qe2 e6 8. d5 cxd5 9. Nxd5 Qd8 10. Nxf6+ Qxf6 11. 0-0-0 Nc6 12. Bc3 Qg6 13. f3 h5 14. Nh3 Bb4 15. Bxb4 Nxb4 16. Bb5+ Kf8 17. Nf4 Qh6 18. Qc4 Nxc2 19. Ba4 Ne3 0-1

[Event "CFriend AC-2003-Q-00012 email"]
[Site "Chessfriend.com"]
[Date "2003.07.01"]
[Round "?"]
[White "Pruefer, Stefan"]
[Black "Morozova, Olga"]
[Result "0-1"]
[WhiteElo "2021"]
[BlackElo "2000"]
[PlyCount "76"]
[EventDate "2003.07.01"]
[EventType "tourn (corr)"]
[EventRounds "10"]
[SourceTitle "Corr 2008"]
[Source "ChessBase"]
[SourceDate "2008.06.24"]
[SourceVersion "1"]
[SourceVersionDate "2008.06.24"]
[SourceQuality "1"]

1. e4 e5 2. Nf3 Nf6 3. Nxe5 d6 4. Nf3 Nxe4 5. d4 d5 6. Bd3 Nc6 7. 0-0 Be7 8. c4 Nb4 9. Be2 0-0 10. Nc3 Bf5 11. a3 Nxc3 12. bxc3 Nc6 13. Re1 Re8 14. Bf4 dxc4 15. Bxc4 Bd6 16. Rxe8+ Qxe8 17. Ng5 Bg6 18. Bxd6 cxd6 19. h4 Qe7 20. Qg4 h6 21. Nh3 Qe4 22. Qg3 Rc8 23. Qxd6 Qc2 24. Qg3 Na5 25. Bd5 Qxc3 26. Qxc3 Rxc3 27. Nf4 Bd3 28. Re1 Kf8 29. Re3 Rc1+ 30. Kh2 Bc4 31. Nd3 Rc2 32. Ne5 g6 33. Bxc4 Nxc4 34. Rf3 Nxe5 35. dxe5 Re2 36. Rb3 b6 37. f4 g5 38. hxg5 hxg5 0-1

[Event "CFriend AC-2003-Q-00012 email"]
[Site "Chessfriend.com"]
[Date "2003.07.01"]
[Round "?"]
[White "Raugstad, Oddvard"]
[Black "Pruefer, Stefan"]
[Result "1/2-1/2"]
[WhiteElo "1100"]
[BlackElo "2163"]
[PlyCount "21"]
[EventDate "2003.07.01"]
[EventType "tourn (corr)"]
[EventRounds "10"]
[SourceTitle "Corr 2008"]
[Source "ChessBase"]
[SourceDate "2008.06.24"]
[SourceVersion "1"]
[SourceVersionDate "2008.06.24"]
[SourceQuality "1"]

1. d4 Nf6 2. c4 e6 3. Nc3 Bb4 4. f3 d5 5. a3 Bxc3+ 6. bxc3 c5 7. cxd5 Nxd5 8. dxc5 Qa5 9. e4 Ne7 10. Qb3 Qxc5 11. Bb5+ 1/2-1/2

[Event "Oberliga Bayern 0203"]
[Site "Bayern"]
[Date "2003.03.30"]
[Round "9.2"]
[White "Bintakies, Michael"]
[Black "Pruefer, Stefan"]
[Result "0-1"]
[WhiteElo "2184"]
[BlackElo "2193"]
[PlyCount "82"]
[EventDate "2002.10.20"]
[EventType "team-tourn"]
[EventRounds "9"]
[EventCountry "GER"]
[SourceTitle "EXT 2004"]
[Source "ChessBase"]
[SourceDate "2003.11.25"]
[SourceVersion "1"]
[SourceVersionDate "2003.11.25"]
[SourceQuality "1"]
[WhiteTeam "Haunstetten"]
[BlackTeam "Pasing"]
[WhiteTeamCountry "GER"]
[BlackTeamCountry "GER"]

1. d4 Nf6 2. Nf3 g6 3. Bg5 Bg7 4. Nbd2 0-0 5. c3 d6 6. e4 c5 7. dxc5 dxc5 8. h3 Be6 9. Be2 Nc6 10. Be3 b6 11. Ng5 Bc8 12. f4 Bb7 13. h4 h6 14. Nh3 e5 15. f5 gxf5 16. exf5 Ne7 17. Qc2 Qd7 18. 0-0 Nfd5 19. Bf2 Nxf5 20. Nc4 Nd6 21. Rad1 Nxc4 22. Bxc4 Qe6 23. Rfe1 Ne3 24. Bxe6 Nxc2 25. Re2 fxe6 26. Rxc2 Rad8 27. Rcd2 Rd5 28. c4 Rd4 29. Bxd4 exd4 30. Rf1 Re8 31. Re1 e5 32. Nf2 e4 33. Rde2 e3 34. Nd3 Be4 35. Rd1 Bf5 36. Ne1 Bf6 37. Nf3 d3 38. Ree1 Bxb2 39. a4 Bc3 40. Kh1 Bxe1 41. Rxe1 Kf7 0-1

[Event "GER-ch g/5 Internet 1st"]
[Site "Playchess.com INT"]
[Date "2003.02.22"]
[Round "20"]
[White "Bischoff, Klaus"]
[Black "Pruefer, Stefan"]
[Result "1-0"]
[WhiteElo "2564"]
[BlackElo "2163"]
[PlyCount "153"]
[EventDate "2003.02.22"]
[EventType "tourn (blitz)"]
[EventRounds "22"]
[EventCountry "GER"]
[EventCategory "10"]
[SourceTitle "CBM 092 Extra"]
[Source "ChessBase"]
[SourceDate "2003.03.07"]
[SourceVersion "1"]
[SourceVersionDate "2003.03.07"]
[SourceQuality "1"]

1. c4 Nf6 2. Nc3 g6 3. e4 d6 4. d4 Bg7 5. f3 0-0 6. Be3 e5 7. Nge2 exd4 8. Nxd4 Nc6 9. Qd2 Bd7 10. Be2 Re8 11. 0-0 Nxd4 12. Bxd4 Bc6 13. Rad1 Nd7 14. Bxg7 Kxg7 15. Rfe1 a5 16. Bf1 Qf6 17. Ne2 Qe5 18. Nd4 Kg8 19. b3 Qc5 20. Kh1 Qe5 21. g3 Qc5 22. Bg2 a4 23. b4 Qxc4 24. Rc1 Qa6 25. Bf1 Qb6 26. b5 Bxe4 27. fxe4 Ne5 28. Bg2 a3 29. Qc3 Ng4 30. h3 Ne5 31. Kh2 h5 32. Red1 Re7 33. Qb3 Qa5 34. Ne2 Qa7 35. Nf4 Qf2 36. Rc2 Qa7 37. Nd5 Rae8 38. Rxc7 Qf2 39. Rc2 Qa7 40. b6 Qa5 41. Rf1 Kg7 42. Rc3 Qa6 43. Qd1 Qa5 44. Qd4 Kg8 45. Qe3 Kg7 46. Rxa3 Qb5 47. Rc3 Qxd5 48. exd5 Ng4+ 49. hxg4 Rxe3 50. Rxe3 Rxe3 51. gxh5 gxh5 52. a4 Rb3 53. Rc1 Rxb6 54. Rc4 Kf6 55. Rf4+ Kg7 56. Kh3 f6 57. Bf3 Kg6 58. Kh4 Rb2 59. Bxh5+ Kg7 60. Bf3 Rb3 61. Kh3 Rb2 62. Bg2 Rb3 63. Re4 Kf7 64. Re6 Rb6 65. Bf3 Ra6 66. Bh5+ Kg7 67. Re7+ Kh6 68. Bg4 Rxa4 69. Rxb7 Ra6 70. Be6 Kg6 71. Rc7 f5 72. Rc6 Ra1 73. Rxd6 Kf6 74. Rd8 Ra3 75. Rf8+ Ke5 76. Rxf5+ Kd6 77. Kh4 1-0

[Event "GER-ch g/5 Internet 1st"]
[Site "Playchess.com INT"]
[Date "2003.02.22"]
[Round "15"]
[White "Dautov, Rustem"]
[Black "Pruefer, Stefan"]
[Result "1-0"]
[WhiteElo "2604"]
[BlackElo "2163"]
[PlyCount "47"]
[EventDate "2003.02.22"]
[EventType "tourn (blitz)"]
[EventRounds "22"]
[EventCountry "GER"]
[EventCategory "10"]
[SourceTitle "CBM 092 Extra"]
[Source "ChessBase"]
[SourceDate "2003.03.07"]
[SourceVersion "1"]
[SourceVersionDate "2003.03.07"]
[SourceQuality "1"]

1. d4 Nf6 2. Nf3 g6 3. c4 Bg7 4. g3 0-0 5. Bg2 d6 6. 0-0 Nc6 7. Nc3 e5 8. dxe5 dxe5 9. Qxd8 Rxd8 10. Bg5 Be6 11. Nd2 Rac8 12. Rfd1 h6 13. Bxf6 Bxf6 14. Nd5 Bg7 15. Ne4 f5 16. Nc5 Bxd5 17. Bxd5+ Kh7 18. Nxb7 Nd4 19. Nxd8 Rxd8 20. e3 Nc2 21. Rac1 Nb4 22. a3 Na6 23. b4 e4 24. Bb7 1-0

[Event "GER-ch g/5 Internet 1st"]
[Site "Playchess.com INT"]
[Date "2003.02.22"]
[Round "9"]
[White "Pruefer, Stefan"]
[Black "Bischoff, Klaus"]
[Result "0-1"]
[WhiteElo "2163"]
[BlackElo "2564"]
[PlyCount "40"]
[EventDate "2003.02.22"]
[EventType "tourn (blitz)"]
[EventRounds "22"]
[EventCountry "GER"]
[EventCategory "10"]
[SourceTitle "CBM 092 Extra"]
[Source "ChessBase"]
[SourceDate "2003.03.07"]
[SourceVersion "1"]
[SourceVersionDate "2003.03.07"]
[SourceQuality "1"]

1. e4 c5 2. c3 Nf6 3. e5 Nd5 4. Nf3 e6 5. d4 cxd4 6. cxd4 d6 7. Bd3 dxe5 8. Nxe5 Nc6 9. Nf3 Be7 10. 0-0 0-0 11. Nc3 Qd6 12. a3 Rd8 13. Nb5 Qb8 14. Bg5 Bxg5 15. Bxh7+ Kxh7 16. Nxg5+ Kg6 17. f4 f5 18. Qf3 Qxf4 19. Qh3 Qxg5 20. Rf3 Nf4 0-1

[Event "GER-ch g/5 Internet 1st"]
[Site "Playchess.com INT"]
[Date "2003.02.22"]
[Round "22"]
[White "Rabiega, Robert"]
[Black "Pruefer, Stefan"]
[Result "1-0"]
[WhiteElo "2503"]
[BlackElo "2163"]
[PlyCount "33"]
[EventDate "2003.02.22"]
[EventType "tourn (blitz)"]
[EventRounds "22"]
[EventCountry "GER"]
[EventCategory "10"]
[SourceTitle "CBM 092 Extra"]
[Source "ChessBase"]
[SourceDate "2003.03.07"]
[SourceVersion "1"]
[SourceVersionDate "2003.03.07"]
[SourceQuality "1"]

1. e4 c5 2. c3 Nf6 3. e5 Nd5 4. Nf3 Nc6 5. d4 cxd4 6. Bc4 Nb6 7. Bb3 d5 8. exd6 Qxd6 9. 0-0 Be6 10. Na3 dxc3 11. Qe2 Bxb3 12. Nb5 Qb8 13. axb3 e5 14. Nfd4 Be7 15. Nf5 0-0 16. Bh6 Bf6 17. Bxg7 1-0

[Event "Oberliga Bayern 0203"]
[Site "Bayern"]
[Date "2003.02.09"]
[Round "6.2"]
[White "Pruefer, Stefan"]
[Black "Renner, Christoph"]
[Result "1/2-1/2"]
[WhiteElo "2193"]
[BlackElo "2384"]
[PlyCount "27"]
[EventDate "2002.10.20"]
[EventType "team-tourn"]
[EventRounds "9"]
[EventCountry "GER"]
[SourceTitle "EXT 2004"]
[Source "ChessBase"]
[SourceDate "2003.11.25"]
[SourceVersion "1"]
[SourceVersionDate "2003.11.25"]
[SourceQuality "1"]
[WhiteTeam "Pasing"]
[BlackTeam "Bayern Muenchen"]
[WhiteTeamCountry "GER"]
[BlackTeamCountry "GER"]

1. e4 e6 2. d4 d5 3. Nc3 Bb4 4. e5 Ne7 5. a3 Bxc3+ 6. bxc3 b6 7. Qg4 0-0 8. Bg5 Qd7 9. Bd3 Nf5 10. Bf6 Kh8 11. Bxf5 gxf6 12. Qh4 exf5 13. Qxf6+ Kg8 14. Qg5+ 1/2-1/2

[Event "BL2-Sued 0304"]
[Site "Germany"]
[Date "2003.??.??"]
[Round "?.1"]
[White "Gerstner, Wolfgang"]
[Black "Pruefer, Stefan"]
[Result "1-0"]
[WhiteElo "2380"]
[BlackElo "2200"]
[PlyCount "55"]
[EventDate "2003.10.??"]
[EventType "team-tourn"]
[EventRounds "9"]
[EventCountry "GER"]
[SourceTitle "CBM 100 Extra"]
[Source "ChessBase"]
[SourceDate "2004.07.06"]
[SourceVersion "2"]
[SourceVersionDate "2004.07.06"]
[SourceQuality "1"]
[WhiteTeam "Karlsruhe"]
[BlackTeam "Pasing"]
[WhiteTeamCountry "GER"]
[BlackTeamCountry "GER"]

1. d4 g6 2. e4 Bg7 3. Nc3 d6 4. Be3 a6 5. a4 b6 6. g3 Bb7 7. Bg2 Nd7 8. Nge2 e6 9. 0-0 Ne7 10. Qd2 h6 11. h3 Kf8 12. f4 Kg8 13. g4 d5 14. f5 exf5 15. exf5 g5 16. Bf2 Nf6 17. Rad1 Nc8 18. Bg3 Nd6 19. Be5 Nfe4 20. Qd3 Qd7 21. f6 Bf8 22. Ng3 Re8 23. Ncxe4 dxe4 24. Nxe4 Qxa4 25. Nxd6 Bxg2 26. Qg6+ fxg6 27. f7+ Kh7 28. fxe8Q 1-0

[Event "Oberliga Bayern 0203"]
[Site "Bayern"]
[Date "2002.11.17"]
[Round "2.2"]
[White "Pruefer, Stefan"]
[Black "Pflug, Matthias"]
[Result "1-0"]
[WhiteElo "2193"]
[BlackElo "2182"]
[PlyCount "45"]
[EventDate "2002.10.20"]
[EventType "team-tourn"]
[EventRounds "9"]
[EventCountry "GER"]
[SourceTitle "EXT 2004"]
[Source "ChessBase"]
[SourceDate "2003.11.25"]
[SourceVersion "1"]
[SourceVersionDate "2003.11.25"]
[SourceQuality "1"]
[WhiteTeam "Pasing"]
[BlackTeam "Passau"]
[WhiteTeamCountry "GER"]
[BlackTeamCountry "GER"]

1. e4 c5 2. Nf3 d6 3. d4 cxd4 4. Nxd4 Nf6 5. Nc3 e6 6. g4 Nc6 7. g5 Nd7 8. Be3 a6 9. Qd2 Be7 10. 0-0-0 Qc7 11. f4 0-0 12. g6 hxg6 13. h4 Nf6 14. h5 gxh5 15. Be2 b5 16. Bxh5 Nxh5 17. Rxh5 g6 18. Rdh1 Bf6 19. Rh7 Rd8 20. Nxc6 Qxc6 21. Bd4 Bxd4 22. Qxd4 e5 23. Nd5 1-0